| 000 | 00409nam a2200145Ia 4500 | ||
|---|---|---|---|
| 008 | 231129s1992||||xx |||||||||||||| ||spa|| | ||
| 020 | _a958-04-1848-9 | ||
| 040 | _bspa | ||
| 082 | _a320.51 L665d | ||
| 100 | _aLevine Barry B. | ||
| 245 | 0 | _aEl desafio neoliberal: El fin del tercermundismo en América Latina | |
| 260 | _c1992 | ||
| 264 | _aNorma | ||
| 942 |
_2ddc _cBKS |
||
| 999 |
_c10809 _d10809 |
||